Česko-anglický a anglicko-český slovník na cesty /

Hlavní autor: Kolafová, Věra
Další autoři: Slabá, Dora
Jazyk: Čeština
Angličtina
Vydáno: Praha : Státní pedagogické nakladatelství, 1992
Vydání: 3. vyd.
Edice: Turistické slovníky
Fyzický popis: 312, 149 s.
Knihy
Uloženo v:
LEADER 00893nam a2200289 a 4500
001 000557742
003 CZ BrMZK
005 20000105143423.0
007 ta
008 000105s1992 xr f cze d
015 |a cnb000067583 
035 |a (OCoLC)39429289 
040 |a BOA001  |b cze 
041 1 |a cze  |a eng 
080 |a 801.323=850=20  |2 MRF 
100 1 |a Kolafová, Věra  |7 jk01061203  |4 aut 
245 1 0 |a Česko-anglický a anglicko-český slovník na cesty /  |c Věra Kolafová 
250 |a 3. vyd. 
260 |a Praha :  |b Státní pedagogické nakladatelství,  |c 1992 
300 |a 312, 149 s. 
490 1 |a Turistické slovníky 
500 |a Text zvratmo 
700 1 |a Slabá, Dora  |7 jk01111682  |4 aut 
830 0 |a Turistické slovníky  |0 s 
910 |a BOA001  |b 1-0980.964 
990 |a BK 
996 6 |b 2619717121  |c 1-0980.964  |l MZK  |r Sklad / do 1 hodiny  |n 8  |w 000557742  |u 000010  |a 1  |e BOA001  |j MZK50  |s P